00906nam a2200217 i 4500001000700000003000900007005001700016007000300033008004100036111009000077245008200167260003400249300002200283500006300305650002100368700004300389710008300432852003200515999001900547952012200566129247ES-MaACL20251113183512.0t|070611s1972 sp ||||1| spa d2 aJornadas Universitarias de Estudios Tradicionalistas (n1ª. d1971.cMadrid)916188710aActas de las "Primeras Jornadas Universitarias de Estudios Tradicionalistas". aMadrid : bEscelicer, c1972. a194 p. ; c19 cm. aPrecede al tít.: Centro E.H.P. " General Zumalacarregui"04aCarlismo.9107811 aPuy Muñoz, Francisco, d1936-9944452 aCentro de Estudios Históricos y Políticos "General Zumalacárregui"92650 aES-MaACLjC-50722 bR.83497 c129247d129247 00104070aATENEOMbATENEOMcDEPO2d2008-01-17eSCl0oC-50722p1134594r2023-02-23 00:00:00w2023-02-23yMONOGRAFIA